000 00413nam a2200133Ia 4500
008 100328s9999 xx 000 0 und d
082 _b22919
100 _aअष्टीकर मंदाकिनी
245 _aही आस मीलनाची
260 _bहेमचंद्र
630 _aही आस मीलनाची
730 _aही आस मीलनाची
942 _cBOOK
999 _c516733
_d516730